000 00616nam a22002417a 4500
003 UA-OsUOA
001 58810
007 ta
008 20090227b un ||||| |||| 00| 0 ukr d
100 _aНуреев Р. М.
090 _a330.101.542(075.8)
_bН90
942 _cBK
040 _aUA-OsUOA
_brus
_cUA-OsUOA
_dUA-OsUOA
245 _aКурс микроэкономики
300 _a576 с.
955 _a2
041 _arus
080 _a330.101.542(075.8)
020 _a978-5-89123-470-3
260 _aМ.
_bНорма
_c2008
650 7 _a330 Економіка взагалі
_2UDC
999 _c344843
_d344843